000 00515nam a2200217Ia 4500
001 3131
003 GE_BSU
008 181216s||||||||xx |||||||||||||| ||und||
040 _cGE_BSU
080 _a622.692
100 _aШирковский,А.И
245 _aДобыча и подземное хранение газа
245 _bУчебник
245 _cГ.И.Задора
260 _aМ
260 _bНедра
260 _c1974
300 _a192 стр.
300 _c20 см
942 _cBK
999 _c37175
_d37175